A Century of Ideas Perspectives from Leading Scientists of the 20th Century /

Shortly after its inauguration in 1985 the Birla Science Centre, Hyderabad, India, started a series of lectures by Nobel Laureates and other scientists of international renown, usually in Physics and Astronomy, sometimes in Life Sciences and Chemistry. The present collection mostly consists of lectu...

Full description

Bibliographic Details
Corporate Author: SpringerLink (Online service)
Other Authors: Sidharth, B. G. (Editor)
Format: Electronic eBook
Language:English
Published: Dordrecht : Springer Netherlands, 2008.
Series:Fundamental Theories of Physics ; 149
Subjects:
Online Access:Full Text via HEAL-Link
LEADER 03065nam a22005415i 4500
001 978-1-4020-4360-4
003 DE-He213
005 20151103122645.0
007 cr nn 008mamaa
008 100301s2008 ne | s |||| 0|eng d
020 |a 9781402043604  |9 978-1-4020-4360-4 
024 7 |a 10.1007/978-1-4020-4360-4  |2 doi 
040 |d GrThAP 
050 4 |a QC1-75 
072 7 |a PH  |2 bicssc 
072 7 |a SCI055000  |2 bisacsh 
082 0 4 |a 530  |2 23 
245 1 2 |a A Century of Ideas  |h [electronic resource] :  |b Perspectives from Leading Scientists of the 20th Century /  |c edited by B. G. Sidharth. 
264 1 |a Dordrecht :  |b Springer Netherlands,  |c 2008. 
300 |a XII, 208 p.  |b online resource. 
336 |a text  |b txt  |2 rdacontent 
337 |a computer  |b c  |2 rdamedia 
338 |a online resource  |b cr  |2 rdacarrier 
347 |a text file  |b PDF  |2 rda 
490 1 |a Fundamental Theories of Physics ;  |v 149 
505 0 |a Fifty Years of Cosmology -- Science as an Adventure -- The Early Universe -- The Long-Term Future of Particle Accelerators -- Energy and Evolution -- The Wonders of Pulsars -- Is the Future Given? Changes in Our Description of Nature -- Bubbles, Foams and Other Fragile Objects -- Beyond the Standard Model: Will it be the Theory of Everything? -- Living Joyfully with Complexity in Chemistry and Culture -- A Confrontation with Infinity -- The Creative and Unpredictable Interaction of Science and Technology -- The Link Between Neutrino Masses and Proton Decay in Supersymmetric Unification -- The Nature of Discovery in Physics -- Symmetry in the Micro World – A Conversation with Nobel Laureate Eugene Wigner. 
520 |a Shortly after its inauguration in 1985 the Birla Science Centre, Hyderabad, India, started a series of lectures by Nobel Laureates and other scientists of international renown, usually in Physics and Astronomy, sometimes in Life Sciences and Chemistry. The present collection mostly consists of lectures on frontier topics. The transcript of each lecture is preceded by a short biography of the Nobel Laureate/Scientist in question. The lectures are aimed at, and accessible to a wide non-specialist but higher educated audience. 
650 0 |a Physics. 
650 0 |a Quantum field theory. 
650 0 |a String theory. 
650 0 |a Astronomy. 
650 0 |a Astrophysics. 
650 0 |a Cosmology. 
650 0 |a Particle acceleration. 
650 1 4 |a Physics. 
650 2 4 |a Physics, general. 
650 2 4 |a Astronomy, Astrophysics and Cosmology. 
650 2 4 |a Particle Acceleration and Detection, Beam Physics. 
650 2 4 |a Quantum Field Theories, String Theory. 
650 2 4 |a History and Philosophical Foundations of Physics. 
700 1 |a Sidharth, B. G.  |e editor. 
710 2 |a SpringerLink (Online service) 
773 0 |t Springer eBooks 
776 0 8 |i Printed edition:  |z 9781402043598 
830 0 |a Fundamental Theories of Physics ;  |v 149 
856 4 0 |u http://dx.doi.org/10.1007/978-1-4020-4360-4  |z Full Text via HEAL-Link 
912 |a ZDB-2-PHA 
950 |a Physics and Astronomy (Springer-11651)